| 000 | 00647nam a22001937a 4500 | ||
|---|---|---|---|
| 003 | 0 | ||
| 005 | 20160609170242.0 | ||
| 008 | 101216t xxu||||| |||| 00| 0 eng d | ||
| 040 |
_aBUAC _cBEPAC |
||
| 100 |
_aAdje, Yéba I.R.Hermione Diane _912626 |
||
| 130 |
_lfr _912627 |
||
| 245 | _aComparaison de deux techniques d'évaluation de la sensibilité des vecteurs aux insecticides: La technique OMS et la technique CDC | ||
| 260 |
_aAbomey-Calavi _bEPAC-UAC _c2007 |
||
| 300 | _a96p. | ||
| 650 |
_aTECHNIQUE D'EVALUATION _bOMS _912628 |
||
| 700 |
_aAgbanrin Youssouf, Ramziyath _912629 |
||
| 700 |
_aAïzoun Lègba, Nazaire _912630 |
||
| 942 | _cTHE | ||
| 999 |
_c48624 _d48624 |
||